000 00527nam a22001817a 4500
003 OSt
005 20140310182804.0
008 130214t xxu||||| |||| 00| 0 eng d
020 _a0915099861
050 _aRM 301.15
_b.P933 2000
245 _a801 prescription drugs :
_bgood effects, side effects & natural healing alternatives /
_cby the editors of FC&A.
260 _aPeachtree City, GA :
_bFC&A Pub.,
_c2000.
300 _a468 p. :
_c 21 cm.
521 _aNUR
562 _e1
942 _2lcc
_cBK
_kFOR
999 _c16049
_d16049